Ecoturismo: uma alternativa do novo modelo de desenvolvimento (Registro n. 298881)
[ somente texto ]
| 000 -LÍDER | |
|---|---|
| fixed length control field | 00829nab a2200229 4500 |
| 003 - CÓDIGO MARC DA AGÊNCIA CATALOGADORA | |
| Campo de controle | BR-BrBNA |
| 005 - DATA E HORA DA ÚLTIMA ATUALIZAÇÃO | |
| Campo de controle | 20240321102925.0 |
| 008 - CAMPO DE TAMANHO FIXO | |
| fixed length control field | 240321b bl.||||| |||| 00| 0 por d |
| 040 ## - FONTE DA CATALOGAÇÃO | |
| Agência catalogadora | BR-BrBNA |
| Idioma da catalogação | por |
| 072 ## - CATEGORIA AGRIS | |
| Código AGRIS | P01 |
| 100 ## - ENTRADA PRINCIPAL - NOME PESSOAL | |
| Nome pessoal | Quintão, Aylê Salassiê F. |
| 245 ## - TÍTULO PRINCIPAL | |
| Título principal | Ecoturismo: uma alternativa do novo modelo de desenvolvimento |
| 500 ## - NOTA GERAL | |
| Nota geral | Summaries (eng, por); 13 ref.; 3 illus. |
| 942 ## - ADDED ENTRY ELEMENTS (KOHA) | |
| Koha item type | |
| 650 ## - ASSUNTO - THESAGRO | |
| Cabeçalho tópico ou nome geográfico | ECOLOGIA |
| 650 ## - ASSUNTO - THESAGRO | |
| Cabeçalho tópico ou nome geográfico | TURISMO |
| 650 ## - ASSUNTO - THESAGRO | |
| Cabeçalho tópico ou nome geográfico | INTEGRAÇÃO |
| 650 ## - ASSUNTO - THESAGRO | |
| Cabeçalho tópico ou nome geográfico | DESENVOLVIMENTO SUSTENTÁVEL |
| 650 ## - ASSUNTO - THESAGRO | |
| Cabeçalho tópico ou nome geográfico | DESENVOLVIMENTO SÓCIO-ECONÔMICO |
| 773 0# - ENTRADA ANALÍTICA | |
| Host Biblionumber | 1357 |
| Registro do item | 313855 |
| Imprenta | Brasília-DF Instituto Brasileiro de Desenvolvimento Florestal 1970 |
| Outro identificador | 2024-0127 |
| Título | Brasil Florestal (Brazil) |
| ISSN | 0045-270X |
| Colação | v. 17(69) p. 33-38; (Jan-Jun 1990) |
| Número de controle de registro | BR2024000512 |
Nenhum exemplar disponível.

BINAGRI